[Event "zonal 1.1"]
[Site "Linares ESP"]
[Date "1995.11.??"]
[Round "1"]
[White "Hodgson, Julian Michael"]
[Black "Sharif, Mehrshad"]
[Result "1/2-1/2"]
[WhiteElo "2590"]
[BlackElo "2465"]
[EventDate "1995.11.11"]
[PlyCount "92"]

1.d4 e6 2.e4 d5 3.e5 c5 4.c3 Nc6 5.Nf3 Bd7 6.a3 f6 7.Bd3 cxd4 8.cxd4 Nh6 
9.O-O Nf7 10.Re1 Be7 11.Nc3 O-O 12.Qc2 f5 13.Nxd5 exd5 14.e6 Bxe6 15.Rxe6 
g6 16.b4 Qd7 17.Re1 Bf6 18.Bb2 Rfe8 19.b5 Na5 20.Qa4 b6 21.Bc3 Rxe1+ 22.
Rxe1 Qc7 23.Bd2 Nc4 24.Bc1 Rc8 25.g3 Qd7 26.Qb4 Nfd6 27.Ne5 Nxe5 28.dxe5 
Bxe5 29.Rxe5 Rxc1+ 30.Kg2 Rc5 31.Qh4 Kf8 32.a4 Nf7 33.Re1 d4 34.Kg1 Rc3 
35.Bf1 Qd6 36.Rd1 d3 37.Qf4 Qxf4 38.gxf4 Rc4 39.Rxd3 Rxf4 40.a5 Ke7 41.Rc3
Rd4 42.axb6 axb6 43.Rc6 Rd6 44.Rc7+ Rd7 45.Rc6 Rd6 46.Rc7+ Rd7 1/2-1/2

[Event "zonal 1.1"]
[Site "Linares ESP"]
[Date "1995.11.??"]
[Round "1"]
[White "Gomez Esteban, Juan Mario"]
[Black "Magem Badals, Jordi"]
[Result "1/2-1/2"]
[WhiteElo "2425"]
[BlackElo "2560"]
[EventDate "1995.11.11"]
[PlyCount "55"]

1.d4 d5 2.Nf3 c6 3.Bf4 Bg4 4.e3 Nd7 5.c4 Ngf6 6.Nbd2 Nh5 7.Bg5 h6 8.Bh4 g5
9.Bg3 e6 10.Qc2 Nxg3 11.hxg3 Bf5 12.Bd3 Bxd3 13.Qxd3 g4 14.Nh4 Qg5 15.cxd5
cxd5 16.Rc1 Bd6 17.O-O O-O 18.e4 Rac8 19.exd5 Qxd5 20.Nc4 Ne5 21.Nxe5 Bxe5
22.Nf5 exf5 23.Rxc8 Rxc8 24.Qxf5 Qe6 25.Qxe6 fxe6 26.dxe5 Rc2 27.b3 Rxa2 
28.Rc1 1/2-1/2

[Event "zonal 1.1"]
[Site "Linares ESP"]
[Date "1995.11.??"]
[Round "1"]
[White "Berend, Fred"]
[Black "Van der Sterren, Paul"]
[Result "0-1"]
[WhiteElo "2415"]
[BlackElo "2545"]
[EventDate "1995.11.11"]
[PlyCount "121"]

1.e4 e5 2.Nf3 Nc6 3.Bb5 a6 4.Ba4 Nf6 5.O-O b5 6.Bb3 Bc5 7.Nxe5 Nxe5 8.d4 
Bxd4 9.Qxd4 d6 10.c3 O-O 11.Bg5 Bb7 12.Nd2 c5 13.Qe3 Qb6 14.h3 Ned7 15.
Rfe1 Rae8 16.Qf4 h6 17.Bxf6 Nxf6 18.Re3 d5 19.e5 d4 20.cxd4 cxd4 21.Rd3 
Nh5 22.Qxd4 Qg6 23.Nf3 Nf4 24.Qxf4 Qxd3 25.Nd4 Qg6 26.g3 Kh8 27.h4 Rd8 28.
Rc1 Qe4 29.Qxe4 Bxe4 30.Ne2 Bd5 31.Nf4 Bxb3 32.axb3 Rfe8 33.Rc7 Kg8 34.e6 
fxe6 35.Nh5 Kf8 36.Rc6 Rd3 37.Nf4 Rxb3 38.Nxe6+ Kf7 39.Nc5 Rxb2 40.Rxa6 
Re1+ 41.Kg2 Ree2 42.Nd3 Rbd2 43.Kf3 Re6 44.Ra3 Re7 45.Rb3 Rb7 46.Ke3 Rc2 
47.f4 Ke6 48.Rb4 Kf5 49.Kf3 Rc4 50.g4+ Kf6 51.Rb1 b4 52.Ne5 Rc3+ 53.Ke4 b3
54.g5+ hxg5 55.hxg5+ Ke7 56.Kd4 Rc8 57.Kd3 b2 58.Kd2 Ke6 59.Nd3 Rd8 60.Ke2
Rxd3 61.Kxd3 0-1

[Event "zonal 1.1"]
[Site "Linares ESP"]
[Date "1995.11.??"]
[Round "1"]
[White "Van der Wiel, John"]
[Black "Cacho Reigadas, Sergio"]
[Result "0-1"]
[WhiteElo "2545"]
[BlackElo "2400"]
[EventDate "1995.11.11"]
[PlyCount "86"]

1.e4 c5 2.Nf3 e6 3.d4 cxd4 4.Nxd4 a6 5.c4 Nf6 6.Nc3 Bb4 7.e5 Ne4 8.Qg4 
Nxc3 9.a3 Bf8 10.bxc3 d6 11.exd6 e5 12.Nf5 g6 13.Qg3 Nc6 14.Nh6 Qxd6 15.
Be2 f5 16.Bg5 Be7 17.O-O Bxg5 18.Qxg5 Qe7 19.h4 Qxg5 20.hxg5 Be6 21.Rfe1 
O-O-O 22.g4 Rhf8 23.gxf5 gxf5 24.Rad1 Rxd1 25.Rxd1 Rd8 26.Re1 Rd7 27.f4 
exf4 28.Bf1 Nd8 29.Kf2 Rg7 30.Bd3 Rxg5 31.Re5 Rh5 32.Nxf5 Kd7 33.Kf3 Rh3+ 
34.Ke4 Nc6 35.Rc5 b6 36.Rxc6 Kxc6 37.Nd4+ Kd7 38.Bf1 Rh5 39.Kxf4 Ra5 40.
Bd3 h5 41.Bg6 Rxa3 42.Ke5 Bxc4 43.Bxh5 Ra5+ 0-1

[Event "zonal 1.1"]
[Site "Linares ESP"]
[Date "1995.11.??"]
[Round "1"]
[White "Antunes, Antonio"]
[Black "Ribeiro, Fernando"]
[Result "1-0"]
[WhiteElo "2530"]
[BlackElo "2305"]
[EventDate "1995.11.11"]
[PlyCount "147"]

1.Nf3 d6 2.d4 Bg4 3.c4 Nc6 4.d5 Bxf3 5.exf3 Nb8 6.Bd3 g6 7.O-O Bg7 8.Re1 
Nf6 9.Nc3 O-O 10.f4 c6 11.Bf1 Re8 12.g3 Qd7 13.Be3 Na6 14.Bg2 c5 15.Qd3 
Nc7 16.Rad1 Rab8 17.Qf1 Red8 18.Bh3 Qe8 19.Bc1 Kh8 20.Re3 Ng8 21.f5 b5 22.
fxg6 hxg6 23.b3 bxc4 24.Qxc4 Rb4 25.Qe2 Nb5 26.Nxb5 Qxb5 27.Qf3 Bf6 28.Bf1
Qd7 29.Bc4 Kg7 30.h4 Nh6 31.Bd2 Rbb8 32.Bd3 Rh8 33.Ree1 Ng4 34.Bf1 Ne5 35.
Qe4 Qg4 36.Qxg4 Nxg4 37.Kg2 Nh6 38.Bd3 Rhe8 39.Re4 Bd4 40.Rde1 Ng8 41.f3 
Rb7 42.Ba6 Rb6 43.Bc4 Rb7 44.R4e2 Ra8 45.g4 a5 46.a4 Raa7 47.g5 f5 48.Re6 
Rb8 49.f4 Rf8 50.Kf3 Bb2 51.Rh1 Bd4 52.Ke2 Bb2 53.Kd3 Bd4 54.Kc2 Raa8 55.
Bd3 Rf7 56.Re2 e5 57.dxe6 Rff8 58.h5 Ne7 59.hxg6 Rh8 60.Rxh8 Rxh8 61.Bxa5 
Kxg6 62.Bc7 d5 63.Bd6 Rh7 64.a5 Nc8 65.Be5 Bxe5 66.Rxe5 Ne7 67.a6 Rh8 68.
Re1 Ra8 69.Rh1 Kg7 70.Rh6 Ng8 71.Bb5 Nxh6 72.gxh6+ Kf6 73.h7 Kxe6 74.Bc6 
1-0

[Event "zonal 1.1"]
[Site "Linares ESP"]
[Date "1995.11.??"]
[Round "1"]
[White "Renet, Olivier"]
[Black "Garcia Paolicchi, Raul"]
[Result "1-0"]
[WhiteElo "2520"]
[BlackElo "2295"]
[EventDate "1995.11.11"]
[PlyCount "105"]

1.e4 c5 2.Nf3 Nc6 3.d4 cxd4 4.Nxd4 Nf6 5.Nc3 d6 6.Bc4 e6 7.Bb3 Be7 8.Be3 
a6 9.O-O O-O 10.f4 Nxd4 11.Bxd4 b5 12.e5 dxe5 13.fxe5 Nd7 14.Ne4 Bb7 15.
Nd6 Bxd6 16.exd6 Qg5 17.Rf2 a5 18.Qe2 Bc6 19.c3 a4 20.Bc2 e5 21.Be3 Qh4 
22.Bd3 Rab8 23.Qd2 f6 24.b3 Ra8 25.Bxb5 Bxb5 26.Qd5+ Kh8 27.Qxb5 Qg4 28.
Rc1 axb3 29.axb3 Rab8 30.Qd5 f5 31.Qe6 Rb7 32.Rcf1 Qe4 33.Bg5 h6 34.Be7 
Nc5 35.Qg6 Rg8 36.Qxf5 Qxf5 37.Rxf5 Rxb3 38.Rxe5 Rxc3 39.Rd1 Nd7 40.Rb5 
Rc2 41.Rb7 Ra8 42.Bh4 Raa2 43.Bg3 Rxg2+ 44.Kf1 Nc5 45.Rb8+ Kh7 46.d7 Nxd7 
47.Rxd7 Rgc2 48.Rbb7 Ra1+ 49.Be1 h5 50.Rxg7+ Kh6 51.h4 Rh2 52.Rgc7 Kg6 53.
Rb6+ 1-0

[Event "zonal 1.1"]
[Site "Linares ESP"]
[Date "1995.11.??"]
[Round "1"]
[White "Quadrio, Alexandre"]
[Black "Nijboer, Friso"]
[Result "0-1"]
[WhiteElo "2225"]
[BlackElo "2485"]
[EventDate "1995.11.11"]
[PlyCount "60"]

1.e4 c5 2.d4 cxd4 3.c3 Nf6 4.e5 Nd5 5.Nf3 Nc6 6.Bc4 Nb6 7.Bb3 d5 8.exd6 
Qxd6 9.O-O Be6 10.Bxe6 Qxe6 11.Nxd4 Nxd4 12.Qxd4 Rd8 13.Qh4 Qe2 14.Be3 
Qxb2 15.Nd2 Rxd2 16.Rab1 Qxc3 17.Bxd2 Qxd2 18.Rfd1 Qa5 19.Qe4 f6 20.Qxb7 
g5 21.Rbc1 Kf7 22.Rc7 Qxa2 23.Re1 Qd5 24.Qxa7 Nc4 25.Qb8 Ne5 26.Qa7 h5 27.
Qa3 h4 28.h3 g4 29.hxg4 h3 30.f3 hxg2 0-1

[Event "zonal 1.1"]
[Site "Linares ESP"]
[Date "1995.11.??"]
[Round "2"]
[White "Sadler, Matthew"]
[Black "Garcia Ilundain, David"]
[Result "1/2-1/2"]
[WhiteElo "2565"]
[BlackElo "2510"]
[EventDate "1995.11.11"]
[PlyCount "103"]

1.d4 Nf6 2.c4 e6 3.Nc3 Bb4 4.Qc2 c5 5.dxc5 Na6 6.a3 Qa5 7.Bd2 Nxc5 8.Rd1 
Bxc3 9.Bxc3 Qa4 10.Qxa4 Nxa4 11.Be5 Nb6 12.e4 Nxe4 13.Bxg7 Rg8 14.Bd4 d6 
15.Bxb6 axb6 16.f3 Nf6 17.Rxd6 b5 18.Kf2 Bd7 19.cxb5 Nd5 20.Bd3 h6 21.Ne2 
Ke7 22.Rxd5 exd5 23.Rd1 Rgc8 24.Ke3 Ra4 25.g3 Be6 26.Ra1 Kd6 27.b3 Raa8 
28.Kd4 Rg8 29.a4 h5 30.a5 h4 31.g4 f5 32.gxf5 Bd7 33.a6 Rgf8 34.Nc3 Bxf5 
35.Bxf5 Rxf5 36.axb7 Rd8 37.Ra8 Rff8 38.Rxd8+ Rxd8 39.Nxd5 Rb8 40.Nc3 Rxb7
41.Ne4+ Kc7 42.Kc5 Rb8 43.f4 Rf8 44.Nc3 Kb7 45.Nd5 h3 46.Kd6 Rg8 47.f5 Rg2
48.Nf4 Rxh2 49.Nxh3 Rxh3 50.f6 Kb6 51.f7 Rf3 52.Ke7 1/2-1/2

[Event "zonal 1.1"]
[Site "Linares ESP"]
[Date "1995.11.??"]
[Round "2"]
[White "Nijboer, Friso"]
[Black "Hebden, Mark"]
[Result "1-0"]
[WhiteElo "2485"]
[BlackElo "2570"]
[EventDate "1995.11.11"]
[PlyCount "87"]

1.e4 e5 2.Nf3 Nc6 3.Bb5 a6 4.Ba4 Nf6 5.O-O Be7 6.Re1 b5 7.Bb3 O-O 8.d4 d6 
9.c3 Bg4 10.d5 Na5 11.Bc2 Qc8 12.h3 Bd7 13.Nbd2 c6 14.b4 Nb7 15.dxc6 Qxc6 
16.Bb2 Nd8 17.Bd3 Ne6 18.c4 Qb7 19.a3 Bd8 20.c5 dxc5 21.Bxe5 Re8 22.Bd6 c4
23.Bc2 Be7 24.e5 Bxd6 25.exf6 Bf8 26.Ne5 Nf4 27.Be4 Qc7 28.Nxd7 Qxd7 29.
Bxa8 Rd8 30.Qf3 Nd3 31.Re3 Qd4 32.Rf1 Ne5 33.Rxe5 Qxe5 34.Nb1 Rd3 35.Qe4 
Qxf6 36.Qe2 g6 37.Be4 Rd8 38.Bc2 Rd5 39.Qf3 Qe6 40.Rd1 Re5 41.Kf1 Bh6 42.
g4 Kg7 43.Nc3 Be3 44.Nd5 1-0

[Event "zonal 1.1"]
[Site "Linares ESP"]
[Date "1995.11.??"]
[Round "2"]
[White "Fernandez Garcia, Jose Luis"]
[Black "Hodgson, Julian Michael"]
[Result "1/2-1/2"]
[WhiteElo "2445"]
[BlackElo "2590"]
[EventDate "1995.11.11"]
[PlyCount "112"]

1.e4 d5 2.exd5 Qxd5 3.Nc3 Qa5 4.d4 Nf6 5.Nf3 c6 6.Ne5 Nbd7 7.Nc4 Qd8 8.d5 
Nb8 9.Ne3 Bd7 10.Bc4 g6 11.O-O Bg7 12.Re1 O-O 13.a4 cxd5 14.Nexd5 Nxd5 15.
Bxd5 Bc6 16.Bb3 Qxd1 17.Rxd1 Bxc3 18.bxc3 Nd7 19.Ba3 Rfe8 20.a5 Kg7 21.Rd4
Rac8 22.Re1 e6 23.f3 b6 24.axb6 axb6 25.Rd6 Nc5 26.Bxc5 bxc5 27.Rxc6 Rxc6 
28.Ba4 Rec8 29.Bxc6 Rxc6 30.Ra1 g5 31.h4 gxh4 32.Kh2 Rd6 33.Ra4 h5 34.Rxh4
Kg6 35.Kg3 Rd5 36.Ra4 f6 37.Ra6 e5 38.Rc6 Kg5 39.c4 h4+ 40.Kh2 Rd2 41.Rxc5
Rxc2 42.Rc8 f5 43.c5 Kf4 44.Rh8 e4 45.fxe4 fxe4 46.Rc8 h3 47.c6 Rxg2+ 48.
Kxh3 Rg7 49.c7 Rf7 50.Kg2 Ke3 51.Kg1 Re7 52.Kf1 Rg7 53.Ra8 Rxc7 54.Ra3+ 
Kd2 55.Ra2+ Kd3 56.Ra3+ Rc3 1/2-1/2

[Event "zonal 1.1"]
[Site "Linares ESP"]
[Date "1995.11.??"]
[Round "2"]
[White "Sharif, Mehrshad"]
[Black "Apicella, Manuel"]
[Result "1/2-1/2"]
[WhiteElo "2465"]
[BlackElo "2555"]
[EventDate "1995.11.11"]
[PlyCount "20"]

1.d4 Nf6 2.Nf3 g6 3.Bg5 Bg7 4.Nbd2 d6 5.e4 O-O 6.c3 c5 7.dxc5 dxc5 8.Be2 
Nc6 9.O-O Qc7 10.Qc2 b6 1/2-1/2

[Event "zonal 1.1"]
[Site "Linares ESP"]
[Date "1995.11.??"]
[Round "2"]
[White "Berend, Fred"]
[Black "Van der Wiel, John"]
[Result "1/2-1/2"]
[WhiteElo "2415"]
[BlackElo "2545"]
[EventDate "1995.11.11"]
[PlyCount "64"]

1.e4 c5 2.Nc3 Nc6 3.g3 g6 4.Bg2 Bg7 5.d3 d6 6.f4 e6 7.Nf3 Nge7 8.O-O O-O 
9.Be3 Nd4 10.e5 Nef5 11.Bf2 Nxf3+ 12.Qxf3 Nd4 13.Qd1 dxe5 14.fxe5 Bxe5 15.
Ne4 f5 16.Nxc5 Qd6 17.Na4 Rd8 18.c3 Nc6 19.d4 Bg7 20.b4 Ne7 21.Qb3 Rb8 22.
Rae1 b6 23.Nb2 h6 24.Re2 Kh7 25.Nd3 g5 26.Rfe1 Ng6 27.g4 Rf8 28.Rxe6 Bxe6 
29.Rxe6 Qd7 30.Bc6 Qf7 31.h3 Ne7 32.Bg2 Rbc8 1/2-1/2

[Event "zonal 1.1"]
[Site "Linares ESP"]
[Date "1995.11.??"]
[Round "2"]
[White "Van der Sterren, Paul"]
[Black "Fernandes, Antonio"]
[Result "1-0"]
[WhiteElo "2545"]
[BlackElo "2380"]
[EventDate "1995.11.11"]
[PlyCount "85"]

1.d4 d5 2.c4 dxc4 3.Nf3 Nf6 4.Nc3 e6 5.Qa4+ Nbd7 6.e4 Be7 7.Bxc4 O-O 8.Qc2
c5 9.dxc5 Nxc5 10.O-O Qc7 11.Bg5 a6 12.e5 Ng4 13.b4 f6 14.Bh4 b5 15.Nd5 
exd5 16.Bxd5+ Be6 17.Bxa8 Bc4 18.bxc5 Rxa8 19.Qe4 Qc8 20.Rfc1 f5 21.Qf4 
Bxh4 22.Nxh4 Qxc5 23.Qxf5 Nxe5 24.Nf3 Nxf3+ 25.Qxf3 Rf8 26.Qe3 Qxe3 27.
fxe3 Re8 28.Rc3 Rd8 29.a4 Kf7 30.axb5 axb5 31.Ra7+ Kf6 32.Kf2 h5 33.h4 
Rd2+ 34.Kf3 g6 35.Rca3 Ke5 36.e4 b4 37.R3a5+ Kf6 38.Rc5 Rd3+ 39.Kf4 Rd4 
40.Rac7 Be6 41.R5c6 b3 42.Rb6 b2 43.Rxb2 1-0

[Event "zonal 1.1"]
[Site "Linares ESP"]
[Date "1995.11.??"]
[Round "2"]
[White "Magem Badals, Jordi"]
[Black "Kelly, Brian"]
[Result "1-0"]
[WhiteElo "2560"]
[BlackElo "2300"]
[EventDate "1995.11.11"]
[PlyCount "61"]

1.e4 c5 2.Nf3 e6 3.d4 cxd4 4.Nxd4 Nf6 5.Nc3 d6 6.Be3 a6 7.f3 b5 8.Qd2 Nbd7
9.g4 h6 10.O-O-O Bb7 11.Bd3 Ne5 12.Rhe1 Rc8 13.Kb1 b4 14.Na4 d5 15.exd5 
Nxd5 16.f4 Qa5 17.fxe5 Qxa4 18.h4 Bc5 19.Bg1 Ke7 20.Nb3 Bxg1 21.Rxg1 Qc6 
22.g5 Qc7 23.Rde1 a5 24.gxh6 gxh6 25.Qf2 Rhg8 26.Ref1 Kf8 27.Nd4 Re8 28.
Nb5 Qd7 29.Rxg8+ Kxg8 30.Nd6 Rf8 31.Rg1+ 1-0

[Event "zonal 1.1"]
[Site "Linares ESP"]
[Date "1995.11.??"]
[Round "2"]
[White "Wells, Peter"]
[Black "Daly, Colm"]
[Result "1-0"]
[WhiteElo "2545"]
[BlackElo "2280"]
[EventDate "1995.11.11"]
[PlyCount "55"]

1.e4 e6 2.d4 d5 3.Nd2 Nf6 4.e5 Nfd7 5.c3 c5 6.Bd3 Nc6 7.Ne2 a5 8.O-O a4 9.
Nf3 a3 10.b3 cxd4 11.cxd4 Ndb8 12.Bg5 Be7 13.Qd2 Bxg5 14.Nxg5 h6 15.Nf3 
Qa5 16.Qe3 Bd7 17.Rac1 Na6 18.Nf4 g6 19.h4 h5 20.Ng5 Ne7 21.Qf3 Rf8 22.Nh7
Rh8 23.Nf6+ Kd8 24.Nh3 Nf5 25.Bxf5 gxf5 26.Qg3 Bc6 27.Qg7 Ke7 28.Nf4 1-0

[Event "zonal 1.1"]
[Site "Linares ESP"]
[Date "1995.11.??"]
[Round "2"]
[White "Galego, Luis"]
[Black "Quadrio, Alexandre"]
[Result "1-0"]
[WhiteElo "2430"]
[BlackElo "2225"]
[EventDate "1995.11.11"]
[PlyCount "79"]

1.c4 Nf6 2.Nc3 e5 3.g3 Nc6 4.Bg2 Bb4 5.Nd5 Be7 6.d3 O-O 7.e3 d6 8.Ne2 Re8 
9.Nec3 Nxd5 10.cxd5 Nb8 11.O-O Nd7 12.Qc2 a6 13.Bd2 b6 14.a4 Bb7 15.a5 Rc8
16.Na2 Bf6 17.Nb4 Nc5 18.Bc3 Ra8 19.d4 bxa5 20.Rxa5 Nd7 21.Nc6 Qc8 22.Bh3 
g6 23.Qa4 Bxc6 24.Qxc6 Rd8 25.Rfa1 exd4 26.exd4 Nb8 27.Qxa8 Qxh3 28.Qb7 h5
29.Qxc7 h4 30.Qc4 Qg4 31.Re1 g5 32.Qe2 Qd7 33.Qf3 Kg7 34.Re4 h3 35.Ra1 Rh8
36.Rae1 Qb5 37.R4e2 a5 38.Bd2 Nd7 39.Qf5 Kh6 40.Re4 1-0

[Event "zonal 1.1"]
[Site "Linares ESP"]
[Date "1995.11.??"]
[Round "3"]
[White "Hebden, Mark"]
[Black "Fernandez Garcia, Jose Luis"]
[Result "1/2-1/2"]
[WhiteElo "2570"]
[BlackElo "2445"]
[EventDate "1995.11.11"]
[PlyCount "129"]

1.d4 Nf6 2.Nf3 g6 3.Nc3 d5 4.Bf4 Bg7 5.e3 O-O 6.Be2 c5 7.Ne5 Nc6 8.O-O Bf5
9.Qd2 cxd4 10.exd4 Nd7 11.Nxd5 Ndxe5 12.dxe5 Bxc2 13.Bf3 Bf5 14.Qe3 Be6 
15.Rfd1 Bxd5 16.Rxd5 Qb6 17.Qxb6 axb6 18.Rb5 Ra4 19.Bg3 h5 20.h4 Ra6 21.
Rd1 Rxa2 22.Rxb6 Nxe5 23.Bd5 Rd8 24.Kf1 Ra5 25.Bxe5 Raxd5 26.Rxd5 Rxd5 27.
Bxg7 Kxg7 28.Rxb7 Rd2 29.g3 Kf6 30.Rb3 e5 31.Rb7 Ke6 32.b4 Rb2 33.b5 f5 
34.Rb6+ Kd5 35.Rxg6 Rxb5 36.Rg5 Ke4 37.Kg2 f4 38.gxf4 Kxf4 39.Rxh5 Kg4 40.
Rh8 e4 41.Kf1 Rb2 42.h5 Kg5 43.h6 Kg6 44.h7 Kg7 45.Re8 Kxh7 46.Rxe4 Kg6 
47.Re5 Kf6 48.Ra5 Rc2 49.Kg2 Rc3 50.f3 Rb3 51.Kg3 Rb4 52.Ra8 Rc4 53.Rf8+ 
Kg7 54.Re8 Kf7 55.Rh8 Kg7 56.Rb8 Kf6 57.Rb3 Kf5 58.Rb5+ Kf6 59.Rb8 Ra4 60.
Rf8+ Kg7 61.Re8 Kf7 62.Rc8 Kf6 63.f4 Ra1 64.Rf8+ Kg7 65.Rd8 1/2-1/2

[Event "zonal 1.1"]
[Site "Linares ESP"]
[Date "1995.11.??"]
[Round "3"]
[White "Van der Wiel, John"]
[Black "Gomez Esteban, Juan Mario"]
[Result "1-0"]
[WhiteElo "2545"]
[BlackElo "2425"]
[EventDate "1995.11.11"]
[PlyCount "61"]

1.e4 e5 2.Nf3 Nc6 3.d4 exd4 4.Nxd4 Bc5 5.Nb3 Bb6 6.a4 a6 7.Nc3 d6 8.Nd5 
Ba7 9.Be3 Bxe3 10.Nxe3 Nf6 11.Bd3 O-O 12.O-O Re8 13.f3 Be6 14.c4 a5 15.Rf2
Nd7 16.f4 f6 17.Rd2 Nb4 18.Bb1 Qe7 19.Nd4 Nc5 20.Ra3 Bd7 21.Nef5 Qf8 22.
Rg3 g6 23.Qh5 Nxe4 24.Rxg6+ hxg6 25.Qxg6+ Kh8 26.Qh5+ Kg8 27.Re2 Bxf5 28.
Nxf5 Nc5 29.Qg6+ Kh8 30.Nxd6 Qg8 31.Qh6+ 1-0

[Event "zonal 1.1"]
[Site "Linares ESP"]
[Date "1995.11.??"]
[Round "3"]
[White "Antunes, Antonio"]
[Black "Galego, Luis"]
[Result "1-0"]
[WhiteElo "2530"]
[BlackElo "2430"]
[EventDate "1995.11.11"]
[PlyCount "107"]

1.Nf3 d5 2.d4 c6 3.c4 Bf5 4.Nc3 e6 5.Qb3 Qb6 6.c5 Qc7 7.Bf4 Qc8 8.e3 Nd7 
9.Qd1 Ngf6 10.h3 Be7 11.b4 O-O 12.Be2 h6 13.O-O Bd8 14.Bd3 Bxd3 15.Qxd3 
Bc7 16.Rab1 Re8 17.Bxc7 Qxc7 18.e4 e5 19.Rfe1 exd4 20.Nxd4 dxe4 21.Nxe4 
Nxe4 22.Rxe4 Rxe4 23.Qxe4 Nf6 24.Qf3 Qe5 25.Nf5 Rd8 26.Nd6 Rd7 27.a3 Ne8 
28.Qg4 Nf6 29.Qf3 Ne8 30.Nc4 Qd4 31.Re1 Nf6 32.Nd6 a5 33.Qg3 Qd2 34.Re3 
Qc2 35.Kh2 axb4 36.axb4 Kh7 37.Qf3 Kg8 38.Ra3 Qb1 39.Ra8+ Kh7 40.Rb8 Re7 
41.g4 Nd7 42.Rxb7 Ne5 43.Qf5+ Qxf5 44.gxf5 Rxb7 45.Nxb7 g5 46.fxg6+ Kxg6 
47.Nd8 Kf5 48.Kg3 Ke4 49.f4 Nd3 50.Nxc6 Nxf4 51.Nd8 f5 52.b5 Nd3 53.c6 f4+
54.Kh2 1-0

[Event "zonal 1.1"]
[Site "Linares ESP"]
[Date "1995.11.??"]
[Round "3"]
[White "San Segundo Carrillo, Pablo"]
[Black "Cacho Reigadas, Sergio"]
[Result "1-0"]
[WhiteElo "2520"]
[BlackElo "2400"]
[EventDate "1995.11.11"]
[PlyCount "85"]

1.e4 e6 2.d4 c5 3.d5 exd5 4.exd5 d6 5.Nf3 Nf6 6.Nc3 Be7 7.Be2 O-O 8.O-O 
Na6 9.Re1 Nc7 10.a4 a6 11.Rb1 Bg4 12.b4 Nd7 13.Bf4 Bxf3 14.Bxf3 cxb4 15.
Ne4 Nf6 16.Ng3 a5 17.c3 Re8 18.cxb4 Bf8 19.Rxe8 Ncxe8 20.Bd2 axb4 21.Rxb4 
b6 22.Be3 Nd7 23.Be2 Nc5 24.Bb5 Nf6 25.Bc6 Ra7 26.Qb1 Nfd7 27.Nf5 Qf6 28.
Bd4 Qg6 29.Ne3 Nd3 30.Bxb6 Nxb6 31.Rxb6 Nc5 32.Qxg6 fxg6 33.Rb4 Kf7 34.Nc4
Ke7 35.h4 Kd8 36.Rb8+ Ke7 37.a5 Kf7 38.Be8+ Ke7 39.Bb5 Kf7 40.Rb6 Be7 41.
a6 Kf6 42.Na5 Bd8 43.Rxd6+ 1-0

[Event "zonal 1.1"]
[Site "Linares ESP"]
[Date "1995.11.??"]
[Round "3"]
[White "Fernandes, Antonio"]
[Black "Prie, Eric"]
[Result "1/2-1/2"]
[WhiteElo "2380"]
[BlackElo "2480"]
[EventDate "1995.11.11"]
[PlyCount "70"]

1.e4 c5 2.Nf3 Nc6 3.d4 cxd4 4.Nxd4 Qc7 5.Nc3 e6 6.g3 a6 7.Bg2 Nf6 8.O-O 
Bc5 9.Nce2 O-O 10.c4 Rd8 11.a3 Nxd4 12.Nxd4 d5 13.cxd5 exd5 14.exd5 Nxd5 
15.Qb3 Bxd4 16.Bxd5 Bh3 17.Bf4 Qd7 18.Bg2 Bxg2 19.Kxg2 Qc6+ 20.Kg1 Qd5 21.
Qxd5 Rxd5 22.Rab1 g5 23.Be3 Bxe3 24.fxe3 Re8 25.Rbe1 Re4 26.Re2 Rd3 27.Rf5
h6 28.Rf6 Rdxe3 29.Ref2 Rb3 30.Rxf7 Re1+ 31.Kg2 Re2 32.Rf8+ Kg7 33.Rf7+ 
Kg8 34.Rf8+ Kg7 35.Rf7+ Kg8 1/2-1/2

[Event "zonal 1.1"]
[Site "Linares ESP"]
[Date "1995.11.??"]
[Round "3"]
[White "David, Alberto"]
[Black "Ribeiro, Fernando"]
[Result "0-1"]
[WhiteElo "2465"]
[BlackElo "2305"]
[EventDate "1995.11.11"]
[PlyCount "84"]

1.e4 d5 2.d4 dxe4 3.Nc3 Nf6 4.Bg5 Nbd7 5.f3 exf3 6.Nxf3 c6 7.Qd2 e6 8.
O-O-O Qa5 9.a3 Nd5 10.Ne4 Qxd2+ 11.Nfxd2 h6 12.Bh4 f5 13.Nc3 Nxc3 14.bxc3 
Bxa3+ 15.Kb1 Nb6 16.Nc4 Nxc4 17.Bxc4 Bd7 18.Rde1 Be7 19.Bg3 Kf7 20.Rhf1 g6
21.Be5 Bf6 22.g4 Kg7 23.h4 Bxe5 24.Rxe5 fxg4 25.h5 Rhf8 26.Rg1 Rf4 27.hxg6
Kxg6 28.Be2 Kf6 29.Rh5 Rh8 30.Kc1 Be8 31.Re5 h5 32.Kd2 Bg6 33.Bc4 Bf5 34.
Rge1 Rc8 35.Be2 h4 36.Ke3 Kg5 37.c4 Rd8 38.c3 g3 39.Rg1 Rf2 40.Rb1 b6 41.
Ra1 Rd7 42.Bf3 Rc2 0-1

[Event "zonal 1.1"]
[Site "Linares ESP"]
[Date "1995.11.??"]
[Round "4"]
[White "Prie, Eric"]
[Black "Hebden, Mark"]
[Result "1/2-1/2"]
[WhiteElo "2480"]
[BlackElo "2570"]
[EventDate "1995.11.11"]
[PlyCount "152"]

1.e4 e5 2.Nf3 Nc6 3.Bb5 a6 4.Bxc6 dxc6 5.O-O Bd6 6.d4 exd4 7.Qxd4 f6 8.b3 
Qe7 9.Be3 Be6 10.Nbd2 Qf7 11.Nc4 Bxc4 12.bxc4 c5 13.Qd5 Ne7 14.Qxb7 O-O 
15.Qb3 Nc6 16.Qa4 Qe6 17.Rae1 Ne5 18.Nxe5 Qxe5 19.g3 Qe6 20.Bd2 Be5 21.f4 
Rad8 22.Re2 Qg4 23.Rg2 Bd6 24.Re1 Rfe8 25.Qxa6 Qe6 26.e5 fxe5 27.fxe5 Qg4 
28.exd6 Rxe1+ 29.Bxe1 Qd1 30.h3 Qxe1+ 31.Kh2 cxd6 32.Qb6 Rd7 33.Qb8+ Kf7 
34.Qc8 Re7 35.Qf5+ Kg8 36.a4 Qe4 37.Qc8+ Re8 38.Qd7 Qe6 39.Qxe6+ Rxe6 40.
c3 Re7 41.Ra2 Kf7 42.Kg2 Ra7 43.Kf3 Ke6 44.Ke4 Ra8 45.a5 Kd7 46.a6 Re8+ 
47.Kd3 Kc6 48.Rb2 Re7 49.Rb8 g6 50.g4 Ra7 51.Ke4 Re7+ 52.Kf4 Ra7 53.Ke4 
Re7+ 54.Kd3 Ra7 55.h4 Rxa6 56.Rc8+ Kb6 57.Ke4 Ra3 58.Kd5 Rxc3 59.Rc6+ Ka5 
60.Rxd6 Rh3 61.Kxc5 Rxh4 62.Rd8 Ka6 63.Kc6 Ka7 64.c5 Rxg4 65.Kc7 Rf4 66.c6
Rf6 67.Rd6 Rf8 68.Rd1 Ka6 69.Ra1+ Kb5 70.Kb7 Kc5 71.c7 Kd5 72.c8=Q Rxc8 
73.Kxc8 h6 74.Kd7 h5 75.Ke7 Ke5 76.Kf7 Kf5 1/2-1/2

[Event "zonal 1.1"]
[Site "Linares ESP"]
[Date "1995.11.??"]
[Round "4"]
[White "Sharif, Mehrshad"]
[Black "Van der Wiel, John"]
[Result "1/2-1/2"]
[WhiteElo "2465"]
[BlackElo "2545"]
[EventDate "1995.11.11"]
[PlyCount "25"]

1.d4 Nf6 2.Nf3 e6 3.Bg5 Be7 4.Nbd2 d5 5.e3 b6 6.c3 Bb7 7.Bd3 Ne4 8.Bxe7 
Qxe7 9.O-O Nd7 10.Qb1 Ndf6 11.c4 Nxd2 12.Nxd2 c5 13.dxc5 1/2-1/2

[Event "zonal 1.1"]
[Site "Linares ESP"]
[Date "1995.11.??"]
[Round "4"]
[White "Fernandez Garcia, Jose Luis"]
[Black "Apicella, Manuel"]
[Result "1/2-1/2"]
[WhiteElo "2445"]
[BlackElo "2555"]
[EventDate "1995.11.11"]
[PlyCount "35"]

1.e4 e6 2.d4 d5 3.exd5 exd5 4.Nf3 Nf6 5.Bd3 Bd6 6.O-O O-O 7.h3 h6 8.Nc3 
Nc6 9.Nb5 Nb4 10.Nxd6 Qxd6 11.Ne5 Nxd3 12.Qxd3 c5 13.Qa3 Ne4 14.Bf4 c4 15.
Qxd6 Nxd6 16.Ng6 fxg6 17.Bxd6 Rf6 18.Be7 1/2-1/2

[Event "zonal 1.1"]
[Site "Linares ESP"]
[Date "1995.11.??"]
[Round "4"]
[White "Cacho Reigadas, Sergio"]
[Black "David, Alberto"]
[Result "0-1"]
[WhiteElo "2400"]
[BlackElo "2465"]
[EventDate "1995.11.11"]
[PlyCount "103"]

1.d4 Nf6 2.c4 g6 3.f3 Bg7 4.e4 O-O 5.Be3 d6 6.Ne2 c5 7.d5 Qb6 8.Nbc3 e6 9.
Qd2 exd5 10.cxd5 Nbd7 11.Ng3 h5 12.Be2 h4 13.Nf1 Nh7 14.g4 a6 15.a4 Ne5 
16.a5 Qd8 17.h3 b5 18.axb6 Qxb6 19.Qc2 Rb8 20.Ra2 f5 21.f4 Nd7 22.exf5 
gxf5 23.Bd3 Qb3 24.Qxb3 Rxb3 25.Kd2 Nb6 26.Kc2 Rb4 27.g5 Bb7 28.Bxa6 Ra8 
29.Bxb7 Rxa2 30.Nxa2 Rxb2+ 31.Kd1 Rxa2 32.Rh2 Ra1+ 33.Bc1 Nf8 34.Ne3 Ng6 
35.Nxf5 Nxf4 36.Nxd6 Be5 37.Ne4 Nd3 38.Rc2 Bf4 39.Nd2 Nxc1 40.Rxc1 Rxc1+ 
41.Kxc1 Nc4 42.d6 Nxd2 43.d7 Nf1+ 44.Kc2 Bxg5 45.Kd3 Kf7 46.Kc4 Be7 47.
d8=Q Bxd8 48.Kxc5 Ke6 49.Kd4 Kf5 50.Kd3 Bb6 51.Ke2 Nh2 52.Bc8+ 0-1

[Event "zonal 1.1"]
[Site "Linares ESP"]
[Date "1995.11.??"]
[Round "4"]
[White "Galego, Luis"]
[Black "Daly, Colm"]
[Result "0-1"]
[WhiteElo "2430"]
[BlackElo "2280"]
[EventDate "1995.11.11"]
[PlyCount "112"]

1.e4 c5 2.Nf3 d6 3.g3 Nc6 4.Bg2 g6 5.O-O Bg7 6.c3 Bg4 7.h3 Bxf3 8.Qxf3 e6 
9.d3 Nge7 10.Qe2 Rb8 11.f4 O-O 12.Nd2 f5 13.Nf3 h6 14.exf5 exf5 15.Be3 Re8
16.Qf2 Nd5 17.Bd2 Nf6 18.Rae1 Qd7 19.Nh4 Kh7 20.Bf3 h5 21.Bg2 b6 22.Nf3 d5
23.Ne5 Qd6 24.Nxc6 Qxc6 25.Re5 Qb5 26.Rfe1 Qxd3 27.Bf1 Qc2 28.Be3 Qa4 29.
b3 Qd7 30.Rxe8 Rxe8 31.c4 Ne4 32.Qf3 dxc4 33.Bxc4 Nc3 34.Bf2 Rxe1+ 35.Bxe1
Nxa2 36.g4 fxg4 37.Qe2 Nc3 38.Bxc3 Bxc3 39.hxg4 Qxg4+ 40.Qxg4 hxg4 41.Kf2 
Kh6 42.Bf7 Kg7 43.Be6 Bd2 44.Kg3 Kf6 45.Bxg4 g5 46.fxg5+ Bxg5 47.Be2 Ke5 
48.Kg4 Bd2 49.Kf3 Kd4 50.Bc4 Kc3 51.Ke4 a5 52.Be6 b5 53.Bd7 c4 54.bxc4 
Kxc4 55.Kf3 b4 56.Ke2 Kc3 0-1

[Event "zonal 1.1"]
[Site "Linares ESP"]
[Date "1995.11.??"]
[Round "4"]
[White "Quadrio, Alexandre"]
[Black "Santo-Roman, Marc"]
[Result "1-0"]
[WhiteElo "2225"]
[BlackElo "2485"]
[EventDate "1995.11.11"]
[PlyCount "55"]

1.e4 Nf6 2.e5 Nd5 3.c4 Nb6 4.c5 Nd5 5.Bc4 e6 6.d4 d6 7.cxd6 cxd6 8.Nf3 Be7
9.O-O O-O 10.Qe2 Nc6 11.Qe4 Re8 12.Qg4 Qc7 13.exd6 Bxd6 14.Nc3 Nxc3 15.
bxc3 Ne7 16.Bb3 Qxc3 17.Bh6 Ng6 18.Be3 Qa5 19.Ng5 h6 20.Ne4 Be7 21.Ng3 Kh7
22.f4 f5 23.Qh5 Bd7 24.Ne4 Bc6 25.Ng5+ Bxg5 26.fxg5 f4 27.Bxf4 Nxf4 28.g6+
1-0